000 01135nam a22002897a 4500
003 0
005 20250913101221.0
008 250911b xxu||||| |||| 00| 0 eng d
020 _a978-0-316-08528-1
050 _aPZ 7.1
_b.C835 2010
100 _aCowell, Cressida,
_eauthor,
_eillustrator.
245 _aHow to train your dragon book 2 :
_bhow to be a pirate /
_cCressida Cowell.
250 _aFirst U.S. edition.
260 _aNew York :
_bLittle, Brown and Company,
_c2010.
300 _a212 pages :
_billustrations ;
_c20 cm.
490 _aHow to train your dragon ;
_vbook 2
500 _aOriginally published in the U.K. by Hodder Children’s Books, 2004.
520 _aHiccup Horrendous Haddock III and his fellow Viking trainees set out to discover a treasure chest guarded by a dead man’s ghost and learn important lessons about being a hero.
650 _aVikings
_vFiction.
650 _aDragons
_vFiction.
650 _aPirates
_vFiction.
650 _aTreasure
_vFiction.
650 _aFriendship
_vFiction.
650 _aHumorous stories.
830 _aHow to train your dragon ;
_sbk. 2.
942 _2lcc
_cBK
999 _c367890
_d367890